| 000 | 00594nam a2200241 a 4500 | ||
|---|---|---|---|
| 001 | nice12345678 | ||
| 003 | IN_TiNIC | ||
| 005 | 20260116011639.0 | ||
| 008 | 050524s1960 agra grp 000 0 eng | ||
| 020 |
_a _c9.5 |
||
| 082 | 0 | 0 |
_a922.97 _bCHO |
| 100 | _aChopra, Pran Nath | ||
| 245 |
_aRafi Ahmad Kidwai _b His Life and Work |
||
| 260 |
_aAgra _bAgarwal and Company _c1960 |
||
| 300 | _a227p | ||
| 500 | _aincludes index and biblioraphy | ||
| 505 | 2 | _aindex, ill | |
| 650 | _aRafi Ahmed Kidwai | ||
| 700 | 1 | _aChopra, Pran Nath | |
| 902 | _bSRS | ||
| 942 | _cBK | ||
| 999 |
_c3117 _d3117 |
||